মুজিববাড়ী / (Record no. 48224)
[ view plain ]
| 000 -LEADER | |
|---|---|
| fixed length control field | 00793nam a22002297a 4500 |
| 001 - CONTROL NUMBER | |
| control field | 48224 |
| 003 - CONTROL NUMBER IDENTIFIER | |
| rucl marc code | BD-RjUL |
| 005 - DATE AND TIME OF LATEST TRANSACTION | |
| control field | 20211209054501.0 |
| 008 - FIXED-LENGTH DATA ELEMENTS--GENERAL INFORMATION | |
| fixed length control field | 160813s1996 bg ||||| |||| 00| 0 ben d |
| 020 ## - INTERNATIONAL STANDARD BOOK NUMBER | |
| International Standard Book Number | 9844013968 |
| Terms of availability | : TK. 40.00 |
| 035 ## - SYSTEM CONTROL NUMBER | |
| System control number | (BD-RjUL)48343 |
| 040 ## - CATALOGING SOURCE | |
| Original cataloging agency | BD-RjUL |
| Language of cataloging | ben |
| Transcribing agency | BD-RjUL |
| Modifying agency | BD-RjUL |
| 041 ## - LANGUAGE CODE | |
| Language code of text/sound track or separate title | ben |
| 082 ## - DEWEY DECIMAL CLASSIFICATION NUMBER | |
| Edition number | 23 |
| Classification number | 891.441 |
| Author mark and year | HUM 1996 |
| 100 ## - MAIN ENTRY--PERSONAL NAME | |
| Personal name | হুদা, মুহম্মদ নূরুল |
| 9 (RLIN) | 146064 |
| 245 ## - TITLE STATEMENT | |
| Title | মুজিববাড়ী / |
| Statement of responsibility, etc. | মুহম্মদ নূরুল হুদা |
| 260 ## - PUBLICATION, DISTRIBUTION, ETC. (IMPRINT) | |
| Place of publication, distribution, etc. | ঢাকা : |
| Name of publisher, distributor, etc. | আগামী প্রকাশনী, |
| Date of publication, distribution, etc. | ১৯৯৬ |
| 300 ## - PHYSICAL DESCRIPTION | |
| Pagination | ৪৭ পৃ. ; |
| Size | ২৪ সেমি. |
| 650 ## - SUBJECT ADDED ENTRY--TOPICAL TERM | |
| Topical term or geographic name as entry element | বাংলা কবিতা |
| 9 (RLIN) | 146065 |
| Topical term or geographic name as entry element | Bengali Poetry |
| 9 (RLIN) | 146066 |
| 942 ## - ADDED ENTRY ELEMENTS (KOHA) | |
| Source of classification or shelving scheme | Dewey Decimal Classification |
| Koha item type | Books |
| Lost status | Source of classification or shelving scheme | Damaged status | Not for loan | Collection code | Permanent Location | Current Location | Shelving location | Date acquired | Source of acquisition | Cost, normal purchase price | Total Checkouts | Full call number | Date last seen | Copy number | Koha item type |
|---|---|---|---|---|---|---|---|---|---|---|---|---|---|---|---|
| Dewey Decimal Classification | Non-fiction | Central Library, University of Rajshahi | Central Library, University of Rajshahi | 10/01/1999 | Agami Prokasony, Dhaka | 40.00 | B 891.441 HUM 1996 | 13/08/2016 | C-2 | Books | |||||
| Dewey Decimal Classification | Non-fiction | Central Library, University of Rajshahi | Central Library, University of Rajshahi | 10/01/1999 | Agami Prokasony, Dhaka | 40.00 | B 891.441 HUM 1996 | 13/08/2016 | C-3 | Books | |||||
| Dewey Decimal Classification | Non-fiction | Central Library, University of Rajshahi | Central Library, University of Rajshahi | 10/01/1999 | Agami Prokasony, Dhaka | 40.00 | B 891.441 HUM 1996 | 13/08/2016 | C-4 | Books |